000 nam a22 a 4500
999 _c2661
_d2661
003 AKMAL
005 20170517150054.0
008 170517t2010 my ao e u f000 0 eng d
039 9 _a201205161533
_bsuzilawati
_c201205140730
_daidayas
_c201204231223
_dazril
_c201203051138
_dnorsyahiza
040 _aAKMAL
082 0 4 _a664.80520212 DSM
_222
090 0 0 _a664.80520212
_bDSM
110 1 _aMalaysia.
_bJabatan Standard
_95568
245 1 0 _aFresh tomatoes :
_bspecification (third revision) /
_cDept. of Standards Malaysia
260 _aCyberjaya :
_bJabatan Standard Malaysia,
_cc2010
300 _aiv, 12p. :
_bill., photos (col.) ;
_c30cm.
490 1 _aMalaysian standard
500 _aCover title
650 1 0 _aTomatoes
_vSpecifications
_zMalaysia
_95578
650 2 0 _aTomato products
_vSpecifications
_zMalaysia
_95579
830 0 _aMalaysian standard.
_nMS 893:2010
_95580
942 _2ddc
_cBOOK